000 01750nam a2200313 a 4500
001 BRCA_4955
005 20190320204857.0
008 221010m18021803sp-######v---#000-0#spa-#
041 _aspa
044 _asp
084 _aDOC53
_b.D63
_c1802
245 1 0 _aDocumento firmado por el [Rey Carlos IV] e Iturrigaray
_cCarlos IV, José Iturrigaray y Aróstegui.
260 _aMadrid
_c1802-1803
300 _a[5] fojas
_c30 x 21 cm
500 _aDocumento firmado el 18 de agosto de 1802
500 _aAl Obispo de la Catedral de Guadalajara o al Dean y Cabildo en sede vacante de ella, encargándola procure conformarse y ayudar al Virrey Don José Iturrigaray en las cosas que se ofrecieron y que fuere conveniente su autoridad para el buen efecto. Anexo comunicación firmada el 15 de enero de 1803 dirigida al Obispo de Guadalajara en la que comunica estar enterado del nombramiento que el Rey ha expedido a su favor.
500 _aEl documento tiene el sello Real de España en la foja 3
500 _aEl documento tiene la leyenda DOC. #63
500 _a[Real cédula] firmada como ´Yo el Rey´
500 _aEstado de conservación: Contiene manchas de acidificación, humedad, roturas y dobleces en los márgenes
506 0 _aFondo reservado: para su consulta es necesario credencial de usuario y carta de motivos
546 _aTexto en: español de principios del siglo XIX
600 1 4 _aCarlos
_bIV
_cRey de España
_d1748-1819
_912606
651 4 _aMéxico
_vManuscrito
_xHistoria
_yColonia, 1521-1821
_912607
651 4 _aEspaña
_vManuscrito
_xHistoria
_yCasa de Borbón, 1700
_912608
700 1 _aIturrigaray y Aróstegui, José Joaquín Vicente de
_cVirrey de Nueva España
_d1748-1819
_912609
902 _aFDH
942 _2lcc
_cD
999 _c4649
_d4649